Normal view
MARC view
- Greenfield, P. F.
Entry Personal Name
001 - CONTROL NUMBER
- control field: 7244
003 - CONTROL NUMBER IDENTIFIER
- control field: NUST
005 - DATE AND TIME OF LATEST TRANSACTION
- control field: 20171214093314.0
008 - FIXED-LENGTH DATA ELEMENTS
- fixed length control field: 171214|| aca||aabn | a|a d
040 ## - CATALOGING SOURCE
- Original cataloging agency: NUST
- Transcribing agency: NUST
100 ## - HEADING--PERSONAL NAME
- Personal name: Greenfield, P. F.
- Fuller form of name: (Paul F.)
670 ## - SOURCE DATA FOUND
- Source citation: Work cat.: (NUST)0: Asia-Pacific Conference on Sustainable Energy and Environmental Technology (1996 : Singapore) 7239, Proceedings of the Asia-Pacific Conference on Sustainable Energy and Environmental Technology, 19-21 June 1996, Singapore /, c1996.
